Vándorló népművelő, színes bábokkal

Bibliographic Details
Main Authors: Bárány, János, 1966- (Author, Interviewer), Csepi, Zsuzsa, 1951- (Author)
Format: Article
Language:Hungarian
Slovak
PhysicalDescription:Fotogr.
ISSN:1336-3638
Subjects:

MARC

LEADER 00000nab a2200000 a 4500
001 vtls011609394
003 SK-MaSNL
005 20260318121528.0
008 170207|2017 xo w| 000 0|hun
015 |a SNBRB2017/02 
038 |a DSZK 
040 |a DSZK  |b slo  |c DSZK  |e AACR2 
041 |a hun  |a slo 
044 |a xo  |c SK 
080 |a 008  |x (437.612)  |2 2011 
080 |a 792.9  |2 2011 
100 1 |a Bárány, János,  |d 1966-  |4 ivr  |4 aut  |9 361125 
245 1 0 |a Vándorló népművelő, színes bábokkal  |c Bárány János, Csepi Zsuzsa 
300 |b Fotogr. 
500 |a Biogr. údaje 
600 1 7 |a Csepi, Zsuzsa,  |d 1951-  |2 dszk  |9 849937 
650 0 7 |a kultúrni pracovníci  |2 SNKPH  |9 74938 
650 0 7 |a bábkari  |2 dszk  |9 182034 
651 7 |a Rohovce (Slovensko)  |2 SNKPH  |9 107206 
651 7 |a Horný Bar (Slovensko)  |2 SNKPH  |9 120052 
651 7 |a Dunajská Streda (Slovensko)  |2 SNKPH  |9 17375 
700 1 |a Csepi, Zsuzsa,  |d 1951-  |4 ive  |4 aut  |9 849937 
773 0 |t Csallóköz=Žitný ostrov  |g Évf. 57, sz. 6 (2017), o. 16-17  |x 1336-3638 
852 |a DSZK  |b KIS3GCP 
856 |a http://www.csallokoz.sk 
958 |a SK 
958 |a HU 
999 |c 3228037  |d 3229967